Normal view
MARC view
- HUANG,P.C
Entry Personal Name
001 - CONTROL NUMBER
- control field: 90680
003 - CONTROL NUMBER IDENTIFIER
- control field: NUST
005 - DATE AND TIME OF LATEST TRANSACTION
- control field: 20220321101358.0
008 - FIXED-LENGTH DATA ELEMENTS
- fixed length control field: 220321|| aca||aabn | a|a d
040 ## - CATALOGING SOURCE
- Original cataloging agency: NUST
- Transcribing agency: NUST
100 ## - HEADING--PERSONAL NAME
- Personal name: HUANG,P.C
670 ## - SOURCE DATA FOUND
- Source citation: Work cat.: (NUST): HUANG,P.C., HAZARDOUS AND INDUSTRIAL WASTE /, 1994.
